Diseases of domestic guinea pigs
Saved in:
| Main Author: | |
|---|---|
| Format: | Book |
| Language: | Undetermined |
| Published: |
Cambridge
Blackwell science
1992
|
| Subjects: | |
| Tags: |
Add Tag
No Tags, Be the first to tag this record!
|
| Institutions: | Trung tâm Học liệu Trường Đại học Cần Thơ |
|---|
| LEADER | 00491nam a2200181Ia 4500 | ||
|---|---|---|---|
| 001 | CTU_125782 | ||
| 008 | 210402s9999 xx 000 0 und d | ||
| 082 | |a 599.3234 | ||
| 082 | |b R526 | ||
| 100 | |a Richardson, V. C. G. | ||
| 245 | 0 | |a Diseases of domestic guinea pigs | |
| 245 | 0 | |c V. C. G. Richardson | |
| 260 | |a Cambridge | ||
| 260 | |b Blackwell science | ||
| 260 | |c 1992 | ||
| 650 | |a Domestic guinea | ||
| 904 | |i Hiếu | ||
| 980 | |a Trung tâm Học liệu Trường Đại học Cần Thơ | ||